000 00835cam a22002653a 4500
001 15777
003 PGUSA
005 20140828083334.0
008 050507s2005||||xxu|||||s|||||000 | eng d
040 _aPGUSA
_beng
042 _adc
050 4 _aG
100 1 _aCook, James,
_d1728-1779
245 1 2 _aA Voyage Towards the South Pole and Round the World, Volume 1
_h[electronic resource] /
_cJames Cook
260 _bProject Gutenberg,
_c2005
506 _aPublic domain in the USA.
516 _aElectronic text
653 _aAntarctica
653 _aOceania -- Discovery and exploration -- Early works to 1800
653 _aVoyages around the world -- Early works to 1800
700 1 _aFurneaux, Tobias,
_d1735-1781
830 0 _aProject Gutenberg
_v15777
856 4 0 _uhttp://www.gutenberg.org/ebooks/15777
942 _cEB
999 _c245032
_d245032